|
|
|
|
| LEADER |
01206nam a2200289 a 4500 |
| 001 |
7533 |
| 003 |
BD-DhAAL |
| 005 |
20151119110301.0 |
| 008 |
151119s2010 bg b 000 0 beno |
| 010 |
|
|
|a 2010326392
|
| 020 |
|
|
|a 9847028901350
|
| 040 |
|
|
|a DLC
|c DLC
|d DLC
|d BD-DhAAL
|
| 050 |
0 |
0 |
|a HQ1236.5.B33
|b K36 2010
|
| 082 |
|
|
|a 305.4095492
|
| 100 |
1 |
|
|a কামাল, সুলতানা
|9 16358
|
| 245 |
1 |
0 |
|a নারী, মানবধিকার ও রাজনীতি /
|c সুলতানা কামাল
|
| 260 |
|
|
|a ঢাকা :
|b ইত্যাদি গ্রন্থ প্রকাশ,
|c ২০১০.
|
| 300 |
|
|
|a ১৫৮ পৃ. ;
|c ২২ সে.মি.
|
| 520 |
|
|
|a Articles on women's rights and political activity with reference to Bangladesh.
|
| 541 |
|
|
|e 7533
|
| 546 |
|
|
|a In Bengali.
|
| 650 |
|
0 |
|a Women's rights
|z Bangladesh.
|9 16359
|
| 650 |
|
0 |
|a Women
|x Political activity
|z Bangladesh.
|9 16360
|
| 651 |
|
0 |
|a Bangladesh
|x Politics and government
|y 1971-
|9 16361
|
| 942 |
|
|
|2 ddc
|c BK
|
| 999 |
|
|
|c 36237
|d 36237
|
| 952 |
|
|
|0 0
|1 0
|2 ddc
|4 0
|6 305_409549200000000_KAM
|7 0
|9 56978
|a SCL
|b SCL
|c GEN
|d 2015-11-19
|g 200.00
|l 0
|o 305.4095492 KAM
|p 3020007533
|r 2015-11-19
|t 1
|w 2015-11-19
|y BK
|